World Geography Decoder #3 - Statistics

General Stats
  • This quiz has been taken 228 times
    197 since last reset
  • The average score is 11 of 22
Answer Stats
Clue Answer % Correct
N Longest river in the world Nile
99%
U Capital of Mongolia Ulaanbaatar
89%
T Ankara is the capital of this country Turkey
85%
A Dutch-derived language spoken in South Africa Afrikaans
78%
I Country called Eire in its native language Ireland
76%
E National animal of Thailand Elephant
71%
O Country in the Middle East that is still a monarchy Oman
70%
F Region of Belgium that speaks Flemish Flanders
69%
S City where Archduke Franz Ferdinand was assassinated Sarajevo
65%
A 1989 massacre of Chinese students took place in this square in Beijing Tiananmen Square
58%
Country United States of America
55%
E Largest Texas city located on the border of Mexico El Paso
52%
T Country formerly known as Formosa Taiwan
50%
T One the two primary ethnic groups in Rwanda Tutsi
50%
S Most populous city in Saskatchewan Saskatoon
39%
A Most populous city in Kazakhstan Almaty
34%
M River that runs through Frankfurt, Germany Main
29%
I Name of the Russian Oblast that borders the eastern shore of Lake Baikal Irkutsk
21%
C National animal of Uganda depicted on their flag: Grey Crowned ______ Crane
13%
D Longest mountain range in southern Africa Drakensburg
13%
E The Richat Structure, a.k.a. ____ of the Sahara, a.k.a. ____ of Africa Eye
11%
R Tallest building in Pyongyang; an unfinished, abandoned hotel Ryugyong Hotel
6%
No matching quizzes found
Score Distribution
Percent of People with Each Score
Percentile by Number Answered
Your Score History
You have not taken this quiz since the last reset